Fundamental of Financial Management (Record no. 609)

MARC details
000 -LEADER
fixed length control field 00461nam a22001817a 4500
005 - DATE AND TIME OF LATEST TRANSACTION
control field 20180703170117.0
008 - FIXED-LENGTH DATA ELEMENTS--GENERAL INFORMATION
fixed length control field 160512b xxu||||| |||| 00| 0 eng d
020 ## - INTERNATIONAL STANDARD BOOK NUMBER
ISBN 978-81-203-3897-5
041 ## - LANGUAGE CODE
Language code of text/sound track or separate title eng
082 ## - DEWEY DECIMAL CLASSIFICATION NUMBER
Item number 1428
Classification number 658.15
100 ## - MAIN ENTRY--AUTHOR NAME
Personal name Horne, James C.Van & Wachawicz, John M.
245 ## - TITLE STATEMENT
Title Fundamental of Financial Management
250 ## - EDITION STATEMENT
Edition statement 13th ed.
260 ## - PUBLICATION, DISTRIBUTION, ETC. (IMPRINT)
Place of publication New Delhi
Name of publisher PHI,
300 ## - PHYSICAL DESCRIPTION
Number of Pages 719p,
650 ## - SUBJECT ADDED ENTRY--TOPICAL TERM
Topical Term Management
942 ## - ADDED ENTRY ELEMENTS (KOHA)
Koha item type Books
Holdings
Lost status Damaged status Collection code Home library Current library Shelving location Date acquired Cost, normal purchase price Full call number Accession Number Koha item type
    MANAGEMENT JRU Library JRU Library   12/05/2016 525.00 658.15 1428 Books
    MANAGEMENT JRU Library JRU Library SHELF-59-H 12/05/2016 525.00 658.15 1429 Books
    MANAGEMENT JRU Library JRU Library SHELF-59-H 12/05/2016 525.00 658.15 1430 Books
    MANAGEMENT JRU Library JRU Library SHELF-59-H 12/05/2016 525.00 658.15 1431 Books
    MANAGEMENT JRU Library JRU Library SHELF-59-H 12/05/2016 525.00 658.15 1432 Books
    MANAGEMENT JRU Library JRU Library SHELF-59-H 12/05/2016 525.00 658.15 1433 Books
    MANAGEMENT JRU Library JRU Library SHELF-59-H 12/05/2016 525.00 658.15 1434 Books
    MANAGEMENT JRU Library JRU Library SHELF-59-H 12/05/2016 525.00 658.15 1435 Books
    MANAGEMENT JRU Library JRU Library SHELF-59-H 12/05/2016 525.00 658.15 1436 Books
    MANAGEMENT JRU Library   SHELF-59-H 12/05/2016 525.00 658.15 1437 Books
    MANAGEMENT JRU Library JRU Library SHELF-59-H 12/05/2016 525.00 658.15 1438 Books
    MANAGEMENT JRU Library JRU Library SHELF-40-E 12/05/2016 525.00 658.15 1439 Books
    MANAGEMENT JRU Library JRU Library SHELF-59-H 12/05/2016 525.00 658.15 1440 Books
    MANAGEMENT JRU Library JRU Library SHELF-59-H 12/05/2016 525.00 658.15 1441 Books
    MANAGEMENT JRU Library JRU Library SHELF-59-H 12/05/2016 525.00 658.15 1442 Books
    MANAGEMENT JRU Library JRU Library SHELF-59-H 12/05/2016 525.00 658.15 1443 Books
    MANAGEMENT JRU Library JRU Library   12/05/2016 525.00 658.15 1444 Books
    MANAGEMENT JRU Library JRU Library SHELF-59-H 12/05/2016 525.00 658.15 1445 Books
    MANAGEMENT JRU Library JRU Library SHELF-40-E 14/05/2024   1428 658.15   Books